Statistiques concernant Petit Bac #03 - Etats des Etats-Unis

Cliquez ici pour prendre le quiz!

Statistiques générales

  • Ce quiz a été pris 717 fois
  • Le résultat moyen est 17 sur 18

Statistiques - réponses

1ère Lettre Etat % Correct
CCalifornie / Caroline du Nord / Caroline du Sud / Colorado / Connecticut
99%
AAlabama / Alaska / Arizona / Arkansas
98%
WWashington / Wisconsin / Wyoming
98%
NNebraska / Nevada / New Hampshire / New Jersey / New York / Nouveau-Mexique
97%
MMaine / Maryland / Massachusetts / Michigan / Minnesota / Mississippi / Missouri / Montana
97%
IIdaho / Illinois / Indiana / Iowa
96%
TTennessee / Texas
96%
DDakota du Nord / Dakota du Sud / Delaware
95%
OOhio / Oklahoma / Oregon
94%
KKansas / Kentucky
94%
FFloride
94%
GGéorgie
92%
UUtah
91%
VVermont / Virginie / Virginie-Occidentale
91%
HHawaï
90%
LLouisiane
88%
RRhode Island
80%
PPennsylvanie
79%

Distribution des résultats

Percentile by Number Answered

% des personnes avec chaque résultat

Votre développement - résultats

Vous n’avez pas pris ce quiz